000 00732nam a2200265Ia 4500
003 OSt
005 20221007065110.0
006 a|||||r|||| 00| 0
007 ta
008 221006b |||||||| |||| 00| 0 eng d
020 _a8185200912
024 _a5,916
037 _cTextual
040 _aFLL
_cFLL
_beng
041 _2eng
_aeng
082 _aZQ2, L7
100 _aDuncan J Au.
_9686641
245 0 _aEssays in classical and modern hindu law
260 _aDelhi
_bUniversal book traders India
_c1977
300 _axx,454p
_ccm.
650 _aClassical Hindu law
_9686642
700 _a Derrett M. Au.
_9686643
942 _hZQ2, L7
_cTEXL
_2CC
999 _c1136292
_d1136292